<?xml version="1.0" encoding="UTF-8"?>
<record
    xmlns:xsi="http://www.w3.org/2001/XMLSchema-instance"
    xsi:schemaLocation="http://www.loc.gov/MARC21/slim http://www.loc.gov/standards/marcxml/schema/MARC21slim.xsd"
    xmlns="http://www.loc.gov/MARC21/slim">

  <leader>01543nam a2200205 a 4500</leader>
  <controlfield tag="008">161216e1987    ag ||||| |||| 00| f spa d</controlfield>
  <datafield tag="020" ind1=" " ind2=" ">
    <subfield code="a">9500403595</subfield>
  </datafield>
  <datafield tag="041" ind1=" " ind2=" ">
    <subfield code="a">spa</subfield>
  </datafield>
  <datafield tag="092" ind1=" " ind2=" ">
    <subfield code="c">808.8</subfield>
    <subfield code="l">13</subfield>
    <subfield code="s">COO</subfield>
  </datafield>
  <datafield tag="100" ind1="1" ind2=" ">
    <subfield code="a">Cook, Robin</subfield>
    <subfield code="9">3090</subfield>
  </datafield>
  <datafield tag="245" ind1=" " ind2=" ">
    <subfield code="a">M&#xE9;dico interno /</subfield>
    <subfield code="c">Robin Cook</subfield>
  </datafield>
  <datafield tag="250" ind1=" " ind2=" ">
    <subfield code="a">1a ed. 7a reimp.</subfield>
    <subfield code="b">Traducci&#xF3;n Maricel Ford</subfield>
  </datafield>
  <datafield tag="260" ind1=" " ind2=" ">
    <subfield code="a">Buenos Aires:</subfield>
    <subfield code="b">Emece;</subfield>
    <subfield code="c">1987.</subfield>
  </datafield>
  <datafield tag="300" ind1=" " ind2=" ">
    <subfield code="a">296 p.</subfield>
  </datafield>
  <datafield tag="500" ind1=" " ind2=" ">
    <subfield code="a">Cook, R. (1987). M&#xE9;dico interno. (1a ed.). Buenos Aires : Emece.</subfield>
  </datafield>
  <datafield tag="505" ind1=" " ind2=" ">
    <subfield code="a">Robin Cook, autor del gran best seller Coma, y de tantos otros &#xE9;xitos, cirujano oftalm&#xF3;logo y profesor en Haward, conoce como nadie el ambiente en que se desarrolla la medicina. Esta novela absolutamente diferente de sus otros libros, es una cr&#xED;tica apasionante, veraz y constructiva, contra el sistema formativo de las universidades. Es un verdadero llamado a la reflexi&#xF3;n escrito con toda la atracci&#xF3;n imaginativa que el tema sugiere. Un joven m&#xE9;dico en su primer a&#xF1;o de internado en un gran hospital. Lleno de dudas y temores, sin experiencia, en un estado constante de agotamiento f&#xED;sico y ps&#xED;quico, se ve pronto obligado a cargar con responsabilidades para las que no est&#xE1; capacitado, y a tomar r&#xE1;pidas decisiones que afectan vidas humanas. Es una experiencia dura matizada de episodios tragic&#xF3;micos, que pone a prueba su vocaci&#xF3;n y sus ideales. Interesar&#xE1; por igual a m&#xE9;dicos, pacientes, y a los que se mantienen sanos. </subfield>
  </datafield>
  <datafield tag="590" ind1=" " ind2=" ">
    <subfield code="a">Donacion Sergio Sarti. Proyecto 4to libro</subfield>
  </datafield>
  <datafield tag="655" ind1=" " ind2=" ">
    <subfield code="a">Novela</subfield>
    <subfield code="9">3091</subfield>
  </datafield>
  <datafield tag="942" ind1=" " ind2=" ">
    <subfield code="2">ddc</subfield>
    <subfield code="c">LIT</subfield>
  </datafield>
  <datafield tag="999" ind1=" " ind2=" ">
    <subfield code="c">2277</subfield>
    <subfield code="d">2277</subfield>
  </datafield>
  <datafield tag="952" ind1=" " ind2=" ">
    <subfield code="0">0</subfield>
    <subfield code="1">0</subfield>
    <subfield code="2">ddc</subfield>
    <subfield code="4">0</subfield>
    <subfield code="7">0</subfield>
    <subfield code="8">FIC</subfield>
    <subfield code="a">BFM</subfield>
    <subfield code="b">BFM</subfield>
    <subfield code="c">CR</subfield>
    <subfield code="d">2016-12-16</subfield>
    <subfield code="e">Donaci&#xF3;n Sergio Sarti, 2016</subfield>
    <subfield code="l">13</subfield>
    <subfield code="m">8</subfield>
    <subfield code="o">808.8 13 COO</subfield>
    <subfield code="p">3734</subfield>
    <subfield code="r">2023-08-30</subfield>
    <subfield code="s">2023-08-11</subfield>
    <subfield code="t">Ej. 1</subfield>
    <subfield code="w">2016-12-16</subfield>
    <subfield code="y">LIT</subfield>
    <subfield code="z">Proyecto 4to libro. Donaci&#xF3;n Sarti, Sergio.</subfield>
  </datafield>
</record>
